000 00778nam a2200217 a 4500
003 CO-ViMGA
005 20230915233134.0
008 141226s2015 ck a jr 0011j spa d
020 _a9789588879093
040 _aCO-ViMGA
_bspa
_cCO-ViMGA
082 0 4 _a793.74
_bV24c
100 1 0 _aVelasco Sotomayor, Gabriel
_924043
245 0 0 _aCuriosidades matematicas
_bsorpresas, paradojas, enigmas y maravillas
_c
250 _aEdicion especial para El Ministerio de Cultura, Biblioteca Nacional de Colombia
260 _aBogot
_bNoriega Editores
_c2015
300 _a126 pg̀inas
_bilustraciones
_c19 cm.
650 1 4 _aMatematicas recreativas
_2LEMB
_91070
650 1 4 _aNumeros
_xEnseñanza primaria
_2LEMB
_91569
700 1 0 _aAntoniano Mateos, Enrique
_924045
942 _2ddc
_cBK
999 _c4044
_d4044